00290nam a2200121Ia 4500082001300000245004300013260002800056300001300084504001900097650001000116700002200126700002000148 a297 ISL- 0aIslam, globalization and postmodernity aLondonbRoutledgec1996 axiv, 242 aincludes index aIslam aDonnan, Hastings. aAhmed, Akbar S.